The Mettaton show - quiz - Statistiques

Statistiques générales
  • Ce quiz a été pris 38 fois
  • Le résultat moyen est 10 sur 15
Réponses sur la Carte
Les réponses sont colorées sur une échelle allant du rouge au vert en fonction du pourcentage des utilisateurs qui les ont devinées à leur premier essai. Vous pouvez retrouver ces pourcentages ci-dessous.
 
Statistiques - réponses
Questions Réponses % Correct
ㅤㅤㅤㅤㅤㅤㅤㅤㅤㅤㅤㅤㅤㅤㅤㅤQuestionsㅤㅤㅤㅤㅤㅤㅤㅤㅤㅤㅤㅤㅤㅤㅤㅤㅤㅤㅤㅤ Réponses 2+2=...? 4/5/22
100%
Combien fait 27 au carré ? 729
100%
Complétez ce titre de chanson : Banana {split}
100%
Quel est le sport le plus pratiqué au monde ? Football
100%
Comment s’appelle le roi des Enfers dans la mythologie grecque ? Hadès
100%
En quelle année Charlemagne se fait-il sacré empereur ? L’an 800
100%
Quel acteur a joué le rôle d’un gendarme, d’un avare et rencontre un extraterrestre grâce à une certaine soupe ? Louis de Funès
100%
Vous n’auriez pas le nom d’un pauvre plombier qui devient malgré lui un chasseur de fantômes, par hasard ? Luigi
100%
Quel est l’antonyme du mot vivre ? Mourir
100%
De quel pays Oslo est-elle la capitale ? Norvège
100%
ㅤㅤㅤㅤㅤㅤㅤㅤㅤㅤㅤㅤㅤㅤㅤㅤQuestionsㅤㅤㅤㅤㅤㅤㅤㅤㅤㅤㅤㅤㅤㅤㅤㅤㅤㅤㅤㅤ Réponses Quelle est la capitale de la France ? Paris
100%
Dans La Belle et la Bête, quelle est la fleur qui provoque toute l’histoire ? Rose
100%
Combien y-a-t-il de couleurs dans un arc-en-ciel ? sept
100%
Combien y-a-t-il de nains dans Blanche-Neige ? Sept
100%
Quel est le nom de l’hérisson bleu se déplaçant très vite ? Sonic
100%
ㅤㅤㅤㅤㅤㅤㅤㅤㅤㅤㅤㅤㅤㅤㅤㅤQuestionsㅤㅤㅤㅤㅤㅤㅤㅤㅤㅤㅤㅤㅤㅤㅤㅤㅤㅤㅤㅤ Réponses Quel est le nom de la capitale du Japon ? Tokyo
100%
Quel est le genre des champignons souvent blanc et rouge ? Amanita
67%
Comment appelle-t-on le mâle de la cane ? Canard
67%
Quel poète français ressentait le spleen ? Charles Baudelaire
67%
Dans le jeu Undertale : comment s’appelle le plus psychopathe des végétaux ? Flowey
67%
Complétez ce titre de chanson : La groupie du {pianiste}
67%
Comment s’appelle la plus célèbre des abeilles ? Maya
67%
Quel est l’antonyme du mot gentil ? Méchant
67%
Est-ce que Nauru existe ? (Lol) Oui
67%
Comment s’appelle le principal professeur des potions dans la saga Harry Potter ? Severus Rogue
67%
Comment s’appelle le plus célèbre des dramaturges britanniques ? Shakespeare
67%
Quand l’on mélange du bleu et du rouge, qu’obtient-on ? Violet
67%
De quel instrument de musique joue Lindsey Stirling ? Violon
67%
En quelle année Christophe Colomb découvre l'Amérique ? 1492
33%
En quelle année Neil Amstrong a-t-il déclaré: « C’est un petit pas pour l’Homme, un bon de géant pour l’humanité »? 1969
33%
De quelle couleur sont les Schtroumpfs ? Bleu
33%
Qui a écrit Au Bonheur des dames ? Émile Zola
33%
Complétez ce titre de chanson : J’irai {où tu iras}
33%
Qui est l’auteur de Don Quichotte ? Miguel de Cervantès
33%
Qui a écrit le Cid ? Pierre Corneille
33%
Qui est le réalisateur du film Le Bon, la Brute et le Truand ? Sergio Leone
33%
Quel est le réalisateur du film E. T. ? Steven Spielberg
33%
Quelle est l'année de la Révolution française ? 1789
0%
Combien fait 16 au carré ? 256
0%
ㅤㅤㅤㅤㅤㅤㅤㅤㅤㅤㅤㅤㅤㅤㅤㅤQuestionsㅤㅤㅤㅤㅤㅤㅤㅤㅤㅤㅤㅤㅤㅤㅤㅤㅤㅤㅤㅤ Réponses Combien y-a-t-il de provinces en Chine ? 33
0%
ㅤㅤㅤㅤㅤㅤㅤㅤㅤㅤㅤㅤㅤㅤㅤㅤQuestionsㅤㅤㅤㅤㅤㅤㅤㅤㅤㅤㅤㅤㅤㅤㅤㅤㅤㅤㅤㅤ Réponses Dans quel pays se situe Göttingen ? Allemagne
0%
Comment s’appelle le jeu vidéo ou oiseaux et cochons s’affrontent pour des œufs ? Angry bird
0%
Qui a dit : « Yes, we can. » ? Barack Obama
0%
Comment se nomme la bande-dessinée mettant en scène un jeune garçon et son cocker ? Boule et Bill
0%
Quel est le nom de l’âne bleu mélancolique ami de Winnie l’ourson ? Bourriquet
0%
Qui chante Salade de fruits ? Bourvil
0%
Dans le jeu Undertale, donnez le nom d’un des deux personnages que l’on incarne. Chara/Frisk
0%
Qui est l’auteur de l’Origine des Espèces ? Charles Darwin
0%
Qui est l’auteur des Malheurs de Sophie ? Comtesse de Ségur
0%
Quel est le nom qui répond à cette définition : État d'esprit, trait de caractère de celui qui manifeste de la volonté. Détermination
0%
Dans le jeu Undertale, qui crée Mettaton ? Dr. Alphys
0%
Quel sport utilise l’épée, le fleuret ou le sabre ? Escrime
0%
À quel élément chimique appartient ce symbole : Sn ? Étain
0%
Comment s’appelle le personnage cinématographique qui a passé une grande partie de sa vie à courir et qui accorde une grande importance aux chocolats ? Forrest Gump
0%
Un petit Belge moustachu qui sait très bien se servir de ses petites cellules grises, vous connaissez ? Hercule Poirot
0%
Qui a écrit Bilbo le Hobbit ? J. R. R. Tolkien
0%
Comment appelle-t-on la femelle du sanglier ? Laie
0%
Dans un long métrage, il est relaté l’histoire d’un homme dont la femme a été assassinée par un tueur en série. Quelques années plus tard, son fils handicapé est kidnappé et il doit partir à des milliers de kilomètres pour le retrouver. Il a pour seule aide une femme déficiente mentale. Remplacez les personnages par des poissons et vous obtenez... Le Monde de Nemo
0%
Pouvez-vous écrire le nombre 59 en chiffres romains ? LIX
0%
Comment s’appelle le plus célèbre des dramaturges français ? Molière
0%
Il n’était pas bien grand, mais c’était un empereur très conquérant, ce Français. Napoléon
0%
Quelle pâtisserie porte le nom de deux villes françaises ? Paris-Brest
0%
Qui chante "Lucie" ? Pascal Obispo
0%
Dans quelle pièce de théâtre peut-on lire « Je le vis, je rougis, je pâlis à sa vue » ? Phèdre
0%
Quel est le compositeur de Casse-Noisette ? Piotr Ilitch Tchaïkovski
0%
À quel élément chimique appartient ce symbole : K ? Potassium
0%
Qui chante You take my breath away ? (c’est un groupe) Queen
0%
Quel est le dieu égyptien représentant le soleil ?
0%
Dans la pièce d’Edmond Rostand, de qui Cyrano de Bergerac est-il amoureux ? Roxane
0%
Nommez l’un des deux personnages squelettes du jeu Undertale. Sans/Papyrus
0%
Quel est le nom du célèbre détective londonien violoniste ? Sherlock Holmes
0%
Comment s’appelle le plus célèbre des héros de Hergé Tintin
0%
Qui est le développeur du jeu vidéo Undertale ? Toby Fox
0%
Dans quelle ville italienne l’action de la pièce de Shakespeare « Roméo et Juliette » se situe-t-elle? Vérone
0%
Comment se nomme le projectile que se renvoient les joueurs de badminton ? Volant
0%
Aucun quiz correspondant
Distribution des résultats
% des personnes avec chaque résultat
Percentile par nombre de réponses
Votre historique - résultats
Vous n’avez pas pris ce quiz